<?xml version="1.0" encoding="UTF-8"?><?xml-stylesheet type="text/xsl" href="static/style.xsl"?><OAI-PMH xmlns="http://www.openarchives.org/OAI/2.0/" xmlns:xsi="http://www.w3.org/2001/XMLSchema-instance" xsi:schemaLocation="http://www.openarchives.org/OAI/2.0/ http://www.openarchives.org/OAI/2.0/OAI-PMH.xsd"><responseDate>2026-04-17T18:52:36Z</responseDate><request verb="GetRecord" identifier="oai:www.recercat.cat:10230/41985" metadataPrefix="marc">https://recercat.cat/oai/request</request><GetRecord><record><header><identifier>oai:recercat.cat:10230/41985</identifier><datestamp>2025-12-26T11:26:50Z</datestamp><setSpec>com_2072_6</setSpec><setSpec>col_2072_452952</setSpec></header><metadata><record xmlns="http://www.loc.gov/MARC21/slim" xmlns:dcterms="http://purl.org/dc/terms/" xmlns:xsi="http://www.w3.org/2001/XMLSchema-instance" xmlns:doc="http://www.lyncode.com/xoai" xsi:schemaLocation="http://www.loc.gov/MARC21/slim http://www.loc.gov/standards/marcxml/schema/MARC21slim.xsd">
   <leader>00925njm 22002777a 4500</leader>
   <datafield ind2=" " ind1=" " tag="042">
      <subfield code="a">dc</subfield>
   </datafield>
   <datafield ind2=" " ind1=" " tag="720">
      <subfield code="a">Bogdanov, Dmitry</subfield>
      <subfield code="e">author</subfield>
   </datafield>
   <datafield ind2=" " ind1=" " tag="720">
      <subfield code="a">Porter, Alastair</subfield>
      <subfield code="e">author</subfield>
   </datafield>
   <datafield ind2=" " ind1=" " tag="720">
      <subfield code="a">Schreiber, Hendrik</subfield>
      <subfield code="e">author</subfield>
   </datafield>
   <datafield ind2=" " ind1=" " tag="720">
      <subfield code="a">Urbano, Julián</subfield>
      <subfield code="e">author</subfield>
   </datafield>
   <datafield ind2=" " ind1=" " tag="720">
      <subfield code="a">Oramas, Sergio</subfield>
      <subfield code="e">author</subfield>
   </datafield>
   <datafield ind2=" " ind1=" " tag="260">
      <subfield code="c">2019-07-11T08:27:58Z</subfield>
   </datafield>
   <datafield ind2=" " ind1=" " tag="260">
      <subfield code="c">2019-07-11T08:27:58Z</subfield>
   </datafield>
   <datafield ind2=" " ind1=" " tag="260">
      <subfield code="c">2019</subfield>
   </datafield>
   <datafield ind2=" " ind1=" " tag="520">
      <subfield code="a">Comunicació presentada a: 20th International Society for Music Information Retrieval Conference celebrat del 4 al 8 de novembre de 2019 a Delft, Països Baixos.</subfield>
   </datafield>
   <datafield ind2=" " ind1=" " tag="520">
      <subfield code="a">This paper introduces the AcousticBrainz Genre Dataset, a&#xd;
large-scale collection of hierarchical multi-label genre annotations&#xd;
from different metadata sources. It allows researchers&#xd;
to explore how the same music pieces are annotated&#xd;
differently by different communities following their&#xd;
own genre taxonomies, and how this could be addressed&#xd;
by genre recognition systems. Genre labels for the dataset&#xd;
are sourced from both expert annotations and crowds, permitting&#xd;
comparisons between strict hierarchies and folksonomies.&#xd;
Music features are available via the Acoustic-&#xd;
Brainz database. To guide research, we suggest a concrete&#xd;
research task and provide a baseline as well as an&#xd;
evaluation method. This task may serve as an example&#xd;
of the development and validation of automatic annotation&#xd;
algorithms on complementary datasets with different&#xd;
taxonomies and coverage. With this dataset, we hope to&#xd;
contribute to developments in content-based music genre&#xd;
recognition as well as cross-disciplinary studies on genre&#xd;
metadata analysis.</subfield>
   </datafield>
   <datafield ind2=" " ind1=" " tag="520">
      <subfield code="a">This research&#xd;
has received funding from the European Union’s Horizon&#xd;
2020 research and innovation programme under grant&#xd;
agreements No 688382 (AudioCommons) and 770376-&#xd;
2 (TROMPA), as well as the Ministry of Economy and&#xd;
Competitiveness of the Spanish Government (Reference:&#xd;
TIN2015-69935-P).</subfield>
   </datafield>
   <datafield ind2="0" ind1="0" tag="245">
      <subfield code="a">The AcousticBrainz genre dataset: Multi-source, multi-level, multi-label, and large-scale</subfield>
   </datafield>
</record></metadata></record></GetRecord></OAI-PMH>